LEADER 01168nam a2200301 i 4500 001 991001983189707536 008 061127s1984 de b 001 0 ger d 020 $a3416018028 035 $ab13457950-39ule_inst 040 $aDip.to Lingue$bita 082 00$a838.8 100 1 $aSaar, Ferdinand :$cvon$0131107 245 10$aBriefwechsel mit Abraham Altmann /$cFerdinand von Saar ; kritisch Herausgegeben und kommentiert von Jean Charue 260 $aBonn :$bBouvier,$c1984 300 $a395 p. ;$c24 cm. 440 0$aFerdinand von Saar, kritische Texte und Deutungen 504 $aContiene riferimenti bibliografici ed indice 600 10$aSaar, Ferdinand von$vCorrispondenza 600 10$aAltmann, Abraham$vCorrispondenza 650 0$aAuthors, German$ySec. 19$vCorrispondenza 700 1 $aAltmann, Abraham 700 1 $aCharue, Jean 907 $a.b13457950$b30-11-16$c27-11-06 912 $a991001983189707536 945 $aLE012 838.8 SAA$g1$i2012000111578$lle012$o-$pE0.00$q-$rl$s- $t0$u2$v28$w2$x0$y.i14325627$z27-11-06 996 $aBriefwechsel mit Abraham Altmann$91099271 997 $aUNISALENTO 998 $ale012$b27-11-06$cm$da $e-$fger$gde $h0$i0 LEADER 01496nam a2200337 i 4500 001 991000741379707536 005 20020507173006.0 008 950111s1950 it ||| | ita 035 $ab10750927-39ule_inst 035 $aLE01301600$9ExL 040 $aDip.to Matematica$beng 082 0 $a510 084 $aLC QA37 084 $aAMS 00A 084 $aAMS 00A05 100 1 $aCourant, Richard$0331066 245 10$aChe cos'è la matematica? :$bintroduzione elementare ai suoi concetti e metodi /$cRichard Courant e Herbert Robbins ; [traduzione di Liliana Ragusa Gilli] 260 $aTorino :$bBoringhieri,$c1950 300 $a752 p. ;$c22 cm 490 0 $aBiblioteca di cultura scientifica ;$v25 500 $aTit. orig.: What is mathematics? An elementary approach to ideas and methods. - New York : Oxford University Press, 1941 650 4$aGeneral Mathematics 700 1 $aRobbins, Herbert$eauthor$4http://id.loc.gov/vocabulary/relators/aut$0535 700 1 $aRagusa Gilli, Liliana 907 $a.b10750927$b11-01-21$c28-06-02 912 $a991000741379707536 945 $aLE013 00A COU11 (1950:BORINGHIERI)$g1$i2013000019048$lle013$o-$pE0.00$q-$rn$s- $t1$u11$v0$w11$x0$y.i10843887$z28-06-02 945 $aLE006 Fondo Polezzo 058$cEx libris Stefano Polezzo$g1$i2006000184663$lle006$og$pE11.85$q-$rl$s- $t0$u0$v0$w0$x0$y.i15944761$z11-01-21 996 $aChe cos'è la matematica$977709 997 $aUNISALENTO 998 $ale013$ale006$b02-04-20$cm$da $e-$fita$git $h0$i1 LEADER 04185nam 22007453 450 001 9910131969203321 005 20230221125832.0 010 $a2-7283-1008-4 010 $a2-8218-2053-4 024 7 $a10.4000/books.efr.479 035 $a(CKB)3400000000019034 035 $a(ItFiC)it 02414059 035 $a(SSID)ssj0001541992 035 $a(PQKBManifestationID)12012908 035 $a(PQKBTitleCode)TC0001541992 035 $a(PQKBWorkID)11535775 035 $a(PQKB)11015018 035 $a(WaSeSS)IndRDA00045457 035 $a(FrMaCLE)OB-efr-479 035 $a(oapen)https://directory.doabooks.org/handle/20.500.12854/58452 035 $a(PPN)18283798X 035 $a(oapen)doab58452 035 $a(EXLCZ)993400000000019034 100 $a20101102d2008 uy 0 101 0 $afre 135 $aur||||||||||| 181 $ctxt 182 $cc 183 $acr 200 10$aRhétorique du pouvoir médiéval $eles lettres de Pierre de la Vigne et la formation du langage politique européen, XIIIe- XVe siècle /$fBenoît Grévin 210 $cPublications de l?École française de Rome$d2008 210 1$aRome :$cPublications de l'E?cole franc?aise de Rome,$d2008. 215 $axii, 1023 p. ;$d25 cm 225 1 $aBibliothe?que des E?coles franc?aises d'Athe?nes et de Rome 225 0$aBibliothèques des Écoles fran-caises d'Athènes et de Rome ;$v339 300 $aBound. 300 $aPier, delle Vigne (1190?-1249). 311 08$a2-7283-0808-X 320 $aIncludes bibliographical references. 330 $aAu XIIIe siècle, les pouvoirs médiévaux s?assimilent un ensemble de techniques rhétoriques élaborées au Moyen Âge central sous le nom d?ars dictaminis La cour sicilienne de l?empereur Frédéric II est, sous l?impulsion de Pierre de la Vigne, un laboratoire privilégié dans le processus de perfectionnement de cette prose politique rythmée. Alors que s?effondre la dynastie souabe, les héritiers de sa chancellerie transmettent à la postérité les textes les plus représentatifs de cette rhétorique impériale en créant une collection de dictamina : les Lettres de Pierre de la Vigne, auquel ce style emphatique et voilé d?obscurités métaphoriques sera désormais associé. Ce livre étudie une étape décisive de la formation du langage politique européen à partir de l?histoire des Lettres, envisagée dans ses différents aspects, de la création mystérieuse de la collection jusqu?à sa transformation en objet historique, en passant par l?analyse du milieu, de l?idéologie et des techniques rhétoriques des créateurs de ses textes, de leur impact et de leur interprétation contradictoire dans la société du XIIIe siècle. Il montre les procédures mises en ?uvre par les notaires ultérieurs pour exploiter ce « miroir rhétorique » et son poids dans la transformation générale du langage étatique européen au cours d?un long XIVe siècle (1270-1420), de l?Angleterre à la Bohême, de la France à l?Italie. En explorant ce continent du dictamen politique ultérieurement recouvert par la vague humaniste, on tente ainsi de progresser, sur la piste de Kantorowicz, dans la reconstitution des liens mystérieux unissant idéologie linguistique, droit et construction étatique à l?automne du Moyen Âge. 410 0$aBibliothe?que des e?coles franc?aises d'Athe?nes et de Rome. 606 $aLanguages & Literatures$2HILCC 606 $aPhilology & Linguistics$2HILCC 607 $aEurope$xLanguages$xHistory$xPolitical aspects 610 $aPape 610 $apouvoir 610 $acorrespondance 610 $aNaples 610 $arhétorique 610 $alangage politique 610 $asumma dictaminis 610 $amanifeste politique 615 7$aLanguages & Literatures 615 7$aPhilology & Linguistics 676 $a945 676 $a856 676 $a808 676 $a320 700 $aGrévin$b Benoît$f1973-$0472421 801 0$bItFiC 801 1$bItFiC 906 $aBOOK 912 $a9910131969203321 996 $aRhétorique du pouvoir médiéval$9230148 997 $aUNINA